La Syrie pour les touristes... - Facile - Statistiques

Statistiques générales
  • Ce quiz a été pris 42 fois
  • Le résultat moyen est 10 sur 20
Statistiques - réponses
Question Indice Réponses Indice facile % Correct
Quelle est la langue officielle ? Arabe A
100%
Achats à faire 1/ Savon d' Alep A
82%
Quelles sont les principaux lieux touristiques ? A Citadelle d'{Alep} PELA
82%
Le principal aéroport est D Damas
76%
Le suffixe internet est sy
74%
Combien d'heures (environ) mettrez-vous pour vous y rendre ? (en chiffres) 5
65%
La religion majoritaire est Islam I
56%
Code sur les plaques minéralogiques SYR
56%
Dans la capitale quel est le décalage horaire avec Paris ? (+ ou - et chiffre) ex - 10 ou + 3,5 + 1
53%
Quel est le climat local ? T Tempéré
50%
Quelle est la monnaie ? Livre syrienne £
47%
Quelles sont les principaux lieux touristiques ? O Mosquée {omeyyade} de Damas OEAMYDYE
41%
Quelles sont les principaux lieux touristiques ? P Site de {Palmyre} LRMEYPA
38%
Achats à faire 3/ Douceur aux pistaches Nougat AUNOTG
35%
Achats à faire 2/ Vêtement local Galabieh AIGLABHE
24%
Quelles sont les principaux lieux touristiques ? C Krach des {Chevaliers} EIAVLSERCH
24%
Quelles sont les principaux lieux touristiques ? B Théâtre de {Busra} RAUBS
21%
Quel est le régime du pays ? R P République semi-présidentielle
18%
Achats à faire 4/ Tissu rembourré dit Damassé MDEASSA
15%
Comment se nomme la principale compagnie aérienne locale S A A Syrian Arab Airlines NYEIARABIIAANRRLSS
15%
Aucun quiz correspondant
Distribution des résultats
% des personnes avec chaque résultat
Percentile par nombre de réponses
Votre historique - résultats
Vous n’avez pas pris ce quiz